NLSUI OPAC header image

Kids for hire: A child's right to protection from commercial sexual exploitation (Record no. 35024)

MARC details
000 -LEADER
fixed length control field 00487nam a2200157Ia 4500
008 - FIXED-LENGTH DATA ELEMENTS--GENERAL INFORMATION
fixed length control field 160316s1996 xxu||||| |||| 00| 0 eng d
082 ## - DEWEY DECIMAL CLASSIFICATION NUMBER
Classification number 362.704400
Item number SAV
100 ## - MAIN ENTRY--PERSONAL NAME
Personal name
245 ## - TITLE STATEMENT
Title Kids for hire: A child's right to protection from commercial sexual exploitation
250 ## - EDITION STATEMENT
Edition statement
260 ## - PUBLICATION, DISTRIBUTION, ETC.
Place of publication, distribution, etc. Sweden
Name of publisher, distributor, etc. Save the Children
Date of publication, distribution, etc. 1996
300 ## - PHYSICAL DESCRIPTION
Extent 39
Other physical details
Dimensions
365 ## - TRADE PRICE
Price amount
650 ## - SUBJECT ADDED ENTRY--TOPICAL TERM
Topical term or geographic name entry element 1. UN convention on the rights of the child<br/>2. right to protection<br/>3. sexual exploitation
700 ## - ADDED ENTRY--PERSONAL NAME
Personal name
--
Holdings
Withdrawn status Lost status Damaged status Not for loan Home library Current library Shelving location Date acquired Total Checkouts Full call number Barcode Date last seen Price effective from Koha item type
        . .   30.05.2017   362.7044 SAV REP11487 30.05.2017 30.05.2017 Repository